Análisis jurídico-científico del concebido artificialmente: en el marco de la experimentación génica
Gespeichert in:
| 1. Verfasser: | |
|---|---|
| Format: | Buch |
| Sprache: | Spanisch |
| Veröffentlicht: |
Barcelona
Bosch
2002
|
| Schlagworte: | |
| Tags: |
Tag hinzufügen
Keine Tags, Fügen Sie den ersten Tag hinzu!
|
MARC
| LEADER | 00000nam a2200000 a 4500 | ||
|---|---|---|---|
| 001 | UCM8482 | ||
| 003 | CL-VaPUC | ||
| 008 | 030321e20020000SP |||||||||||||||||spa|d | ||
| 082 | 0 | 4 | |a 344.04196 |b HID |2 21 |
| 100 | 0 | |a Hidalgo Ordás, María Cristina |e author |9 474545 | |
| 245 | 1 | 0 | |a Análisis jurídico-científico del concebido artificialmente: en el marco de la experimentación génica |
| 300 | |a 246 p | ||
| 942 | |c BK | ||
| 945 | |d 20030321 00:00:00 |a rbrito | ||
| 260 | |a Barcelona |b Bosch |c 2002 | ||
| 650 | 0 | |a Fertilización in vitro |9 374025 | |
| 650 | 7 | |a REPRODUCCION ARTIFICIAL |2 CL-VaPUC |9 374023 | |
| 650 | 0 | |a Inseminación artificial |9 338967 | |
| 650 | 0 | |a Reproducción asistida |9 441978 | |
| 650 | 0 | |a Genética humana |9 269609 | |
| 650 | 7 | |a GENOMA HUMANO |2 CL-VaPUC |9 467807 | |
| 583 | |a last modification |c 20030321 00:00:00 |k Rodrigo Vera | ||
| 999 | |c 302982 |d 302980 | ||
| 952 | |0 0 |1 0 |4 0 |6 344_041960000000000_HID_2002 |7 0 |8 DER_TF |9 363885 |a BIBDER |b BIBDER |d 2019-11-21 |i 3877078 |o 344.04196 HID 2002 |p 3877078 |r 2023-01-25 |w 2019-11-21 |x Ubicación 4to Piso |y BK |z Estos recursos deben solicitarse con anticipación |k DER | ||